LEADER 02404nam1 22004453i 450 001 PAR0579145 005 20251003044307.0 010 $a8845310523 100 $a20030117d2002 ||||0itac50 ba 101 | $aita 102 $ait 181 1$6z01$ai $bxxxe 182 1$6z01$ay 200 1 $aˆL'‰internazionalizzazione di regioni ed enti locali$econtenuti, esperienze e prospettive$fa cura di Edoardo Ongaro, Giovanni Valotti$gprefazione di Boris Biancheri$gpremessa Elio Borgonovi$gin collaborazione con ISPI 210 $aMilano$cETAS$d2002 215 $aXIX, 242 p.$d24 cm. 225 | $aManagement pubblico 410 0$1001UBO1015158$12001 $aManagement pubblico 464 1$1001CSA0131979$12001 $aˆL'‰internazionalizzazione di regioni ed enti locali: un tema in evoluzione$fNicola Bellini$1700 1$aBellini$b, Nicola$f <1957- >$3CFIV085240$4070 464 1$1001CSA0131980$12001 $aˆLo ‰sviluppo dell'internazionalizzazione attraverso il rapporto con le istituzioni comunitarie$fTania Moi ed Edoardo Ongaro$1700 1$aMoi$b, Tania$3CSAV039304$4070$1701 1$aOngaro$b, Edoardo$3MILV182672$4070 606 $aEnti locali$xInternazionalizzazione$2FIR$3UFIC095705$9I 676 $a327.1$9POLITICA ESTERA E SOGGETTI SPECIFICI DELLE RELAZIONI INTERNAZIONALI$v14 676 $a352$9AMMINISTRAZIONI LOCALI.$v12 676 $a352.140945$9AMMINISTRAZIONE LOCALE. ITALIA$v21 686 $aHD 6490.F58$c$2C 702 1$aValotti$b, Giovanni$3BVEV019504 702 1$aBorgonovi$b, Elio$3CFIV046014 702 1$aOngaro$b, Edoardo$3MILV182672 702 1$aBiancheri$b, Boris$3RAVV086990 790 1$aBiancheri Chiappori$b, Boris$3PALV051617$zBiancheri, Boris 790 1$aBiancheri Chiappori$b, Boris$3PALV051617$zBiancheri, Boris 801 3$aIT$bIT-000000$c20030117 850 $aIT-BN0095 901 $bNAP 01$cPOZZO LIB.$nVi sono collocati fondi di economia, periodici di ingegneria e scienze, periodici di economia e statistica e altri fondi comprendenti documenti di economia pervenuti in dono. 912 $aPAR0579145 950 1$aBiblioteca Centralizzata di Ateneo$c1 v.$d 01POZZO LIB.ECON MON 102$e 0101 0000058105E VMA 1 v. precedente collocazione sez. DASES B 0923$fB $h20090428$i20090428 967 $n2 977 $a 01 996 $aInternazionalizzazione di regioni ed enti locali$965424 997 $aUNISANNIO